000 01175nam a2200265 a 4500
005 20210318121101.0
008 120830s2013 ck a|||gr|||| 00| 0 spa d
020 _a9789587615333
040 _aCO-BoUCM
_bspa
_cDeissy Garcia
_dDeissy Garcia
041 _aspa
245 0 0 _aHistoriografía y planificación urbana en América Latina
_cedición Isabel Duque Franco ; Eduardo Kingman Garcés... [y otros diez].
260 _aBogotá
_bUniversidad Nacional de Colombia.Facultad de Ciencias Humanas
_c2013
300 _a419 páginas
_bilustraciones, mapas
490 0 _aBiblioteca abierta. Geografía
_v 415
504 _aIncluye referencias bibliográficas e índices
650 7 _aUrbanismo
_xHistoriografía
_zAmérica Latina
_9102811
650 7 _aPolítica urbana
_zAmérica Latin
_9102812
650 7 _aGlobalización
_z América Latina
_929878
650 7 _aGeografía urbana
_zAmérica Latina
_9102813
650 7 _aCiudades y pueblos
_zAmérica Latina
_982857
700 1 _9102809
_aDuque Franco, Martha Isabel
_eeditor
700 1 _9102810
_aKingman Garcés, Eduardo
942 _cLIBRO
_2DEWEY
_a5
_e1
_h307.76098
_mH673
_n0
999 _c318614
_d318614